Tribhuvan University Central Library

Immunization: levels, trends and differentials (Record no. 9636)

MARC details
000 -LEADER
fixed length control field 003640000a22001570004500
082 ## - DEWEY DECIMAL CLASSIFICATION NUMBER
Classification number 312
Item number In6
041 ## - LANGUAGE CODE
Language code of text/sound track or separate title Eng
100 ## - MAIN ENTRY--PERSONAL NAME
Personal name J. Ties Boerma
245 ## - TITLE STATEMENT
Title Immunization: levels, trends and differentials
260 ## - PUBLICATION, DISTRIBUTION, ETC. (IMPRINT)
Place of publication, distribution, etc Maryland
Name of publisher, distributor, etc Institute for Resource Development
260 ## - PUBLICATION, DISTRIBUTION, ETC. (IMPRINT)
Date of publication, distribution, etc 1990
300 ## - PHYSICAL DESCRIPTION
Extent v,43p.
530 ## - ADDITIONAL PHYSICAL FORM AVAILABLE NOTE
Additional physical form available note IRD
650 ## - SUBJECT ADDED ENTRY--TOPICAL TERM
Topical term or geographic name as entry element Demography
942 ## - ADDED ENTRY ELEMENTS (KOHA)
Koha item type General Collections

No items available.